• 首页
  • 本馆介绍
  • 公告通知
  • 最新文献
  • 馆藏检索
  • 电子资源
  • 读者导购
  • 参考咨询
  • 我的图书馆
  • 登录
  • 详细信息显示
  • 放入我的书架
  • 预约/预借图书
  • 作者相关作品
  • 分类相关作品
  • 丛书相关作品
  • 出版社相关作品

书目信息

  • 表格格式
  • 工作单格式
  • 卡片格式
题名:
民生保障与公共服务
    
 
作者: 张平 主编
分册:  
出版信息: 北京   人民出版社  2011
页数: 264页
开本: 24cm
丛书名:
单 册:
中图分类: D632.1 , D669.3
科图分类:
主题词: 社会保障--案例--中国 , 社会服务--案例--中国 , 社会保障 , 社会服务
电子资源:
ISBN: 978-7-5099-0204-2
000 01121nam0 22003011 450
001 519
005 20140905100640.09
010    @a978-7-5099-0204-2@dCNY36.00
100    @a20111102d2011 em y0chiy50 ea
101 0  @achi
102    @aCN@b110000
105    @aa z 000yy
106    @ar
200 1  @a民生保障与公共服务@AMin Sheng Bao Zhang Yu Gong Gong Fu Wu@f张平主编@FZhang Ping Zhu Bian
210    @a北京@c人民出版社@c党建读物出版社@d2011
215    @a264页@c彩照@d24cm
300    @a科学发展主题案例
304    @a全国干部培训教材编审指导委员会组织编写
330    @a本书总论介绍了民生保障与公共服务的重要意义、主要内容、发展状况和国外相关实践与经验。分别从教育、就业和工资、卫生、社会保险、社会救助、住房保障等六个方面,介绍了我国扩大公共服务,解决学有所教、劳有所得、病有所医、老有所养、住有所居等具体问题的典型案例。
606 0  @a社会保障@x案例@y中国
606 0  @a社会服务@x案例@y中国
606 0  @a社会保障
606 0  @a社会服务
690    @aD632.1@v5
690    @aD669.3@v5
701  0 @a张平@AZhang Ping@f(1946~)@4主编
801  0 @aCN@bTANGWEI@c20140603
905    @b0836778-80@dD632.1@e203@f3
    
    民生保障与公共服务/张平主编.-北京:人民出版社:党建读物出版社,2011
    264页:彩照;24cm
    科学发展主题案例
    
    ISBN 978-7-5099-0204-2:CNY36.00
    本书总论介绍了民生保障与公共服务的重要意义、主要内容、发展状况和国外相关实践与经验。分别从教育、就业和工资、卫生、社会保险、社会救助、住房保障等六个方面,介绍了我国扩大公共服务,解决学有所教、劳有所得、病有所医、老有所养、住有所居等具体问题的典型案例。
●
相关链接 在E读中查询图书 在五车中查询图书 在当当中查询图书 在豆瓣中查询图书


正题名:民生保障与公共服务     索取号:D632.1/203         预约/预借

序号 登录号 条形码 馆藏地/架位号 状态 备注
1 0836778   208367783   第一样本阅览室/ [索取号:D632.1/203] 在馆    
2 0836779   208367792   第一借阅区/ [索取号:D632.1/203] 在馆    
3 0836780   208367809   密集书库-史法系/ [索取号:D632.1/203] 在馆    
唐山师范学院图书馆 欢迎您!
大连网信软件有限公司© 版权所有